Seminário Internacional sobre Finanças Públicas / (Record no. 1466)

MARC details
000 -LÍDER
Campo Fixo de Controle 00839nam a2200241 a 4500
001 - NÚMERO DE CONTROLE
Campo de Controle 1466
003 - IDENTIFICAÇÃO DO NÚMERO DE CONTROLE
Campo de Controle BR-CuiBMT
005 - DATA E HORA DA ÚLTIMA ATUALIZAÇÃO
Campo de Controle 20231217151508.0
008 - DADOS FIXOS
Dados Fixos 231211s1999 dfba ||| 000 0 por d
020 ## - INTERNATIONAL STANDARD BOOK NUMBER
Nº do ISBN 8572020098
040 ## - AGÊNCIA CATALOGADORA
Código da Agência Catalogadora BR-CuiBMT
Agência que transcreveu o registro BR-CuiBMT
080 ## - Nº DA CLASSIFICAÇÃO DECIMAL UNIVERSAL
Nº Class. CDU 336.1
Subd. Auxiliar Comum (062)
Nº edição CDU 2007
090 ## - NÚMERO DE CHAMADA
Nº classificação 336.1(062)
Cutter S471s
111 1# - ENTRADA PRINCIPAL -- EVENTO
Nome do evento ou lugar Seminário Internacional sobre Finanças Públicas
Data da realização do evento (1996 :
Local de realização do evento Brasília, DF)
245 10 - TÍTULO PRINCIPAL
Título principal Seminário Internacional sobre Finanças Públicas /
Indicação de responsabilidade Secretaria do Tesouro Nacional.
260 ## - PUBLICAÇÃO, DISTRIBUIÇÃO, ETC.
Local de publicação Brasília :
Editora Secretaria do Tesouro Nacional,
Data 1999.
300 ## - DESCRIÇÃO FÍSICA
N. páginas ou volumes 556 p. :
Ilustrações il. ;
Dimensões 26 cm
500 ## - NOTAS GERAIS
Notas gerais Textos em português, espanhol e inglês.
504 ## - NOTA DE BIBLIOGRAFIA, ETC.
Nota de bibliografia Inclui bibliografia.
650 ## - ASSUNTO TÓPICO
Cabeçalho tópico ou nome geográfico Finanças públicas
Subdivisão geral Congressos
Subdivisão geográfica Brasil
710 1# - ENTRADA SECUNDÁRIA -- ENTIDADE
Nome da entidade ou lugar Brasil
Unidade subordinada Secretaria do Tesouro Nacional
942 ## - ELEMENTOS DE ENTRADA ADICIONAIS (KOHA)
Fonte de classificação ou esquema de arquivamento Classificação Decimal Universal
Tipo de item do Koha Livros
Holdings
Estado: removido Estado: perdido Fonte de classificação ou esquema de arquivamento Estado: danificado Indisponível para empréstimo Localização permanente Localização atual Data de aquisição Total Checkouts Número de Chamada completo Código de barras Date last seen Número do exemplar Preço efetivo a partir de Tipo de item (Koha)
    Classificação Decimal Universal     Biblioteca da Escola Superior de Contas do TCE/MT Biblioteca da Escola Superior de Contas do TCE/MT 11/12/2023   336.1(062) S471 BIBTCEMT23120363 11/12/2023 Ex. 1 11/12/2023 Livros

Powered by Koha